000 01172cam a22003374a 4500
001 31954
005 20230410123943.0
008 000822s2000 ck b 000 0 spa
035 _a(BoCbEI)ei 0003M0358
035 _a12303515
925 0 _aacquire
_b1 shelf copy
_xpolicy default
942 _2lcc
_cbk
010 _a 2001328626
020 _a9589097375
035 _a(BoCbEI)ei 0003M0358
040 _aDLC
_cDLC
_dDLC
042 _apcc
043 _as-ck---
050 1 4 _aLB 1033.5
_bH887c 2000
100 1 _aHuergo, Jorge A.
245 1 0 _aCultura escolar, cultura mediática, intersecciones /
_cJorge A. Huergo, María Belén Fernández.
250 _a1. ed.
260 _aSantafé de Bogotá, D.C. :
_bUniversidad Pedagógica Nacional, Colegio Académico de Comunicación y Educación,
_cc2000.
300 _a320 p. ;
_c24 cm.
440 0 _aHorizonte de la educación y la comunicación ;
_vlibro 1
504 _aIncludes bibliographical references.
650 0 _aCommunication in education
650 0 _aCommunication in education
_zColombia.
650 0 _aEducational technology
_xSocial aspects
_zColombia.
700 1 _aBelén Fernández, María.
999 _c68693
_d68693